Управление грузовой и коммерческой работой на железнодорожном транспорте. Ч. 1 (Запись № 10900933)

Подробности
000 -МАРКЕР
контрольное поле 02111nam2a2200265 i 4500
001 - ИДЕНТИФИКАТОР ЗАПИСИ
контрольное поле RU\NLR\BIBL_A\011603193
005 - ИДЕНТИФИКАТОР ВЕРСИИ
контрольное поле 20240729051044.0
010 ## - МЕЖДУНАРОДНЫЙ СТАНДАРТНЫЙ НОМЕР КНИГИ (ISBN)
Номер (ISBN) 9785946143516
Тираж 95
021 ## - НОМЕР ГОСУДАРСТВЕННОЙ РЕГИСТРАЦИИ
Код страны Российская Федерация
Номер 2017-100218
Номер Листа государственной регистраци 7229
035 ## - ДРУГИЕ СИСТЕМНЫЕ НОМЕРА
Идентификатор записи (RuMoRGB)009499596
035 ## - ДРУГИЕ СИСТЕМНЫЕ НОМЕРА
Идентификатор записи (NLR Aleph) 011603193
100 ## - ДАННЫЕ ОБЩЕЙ ОБРАБОТКИ
Данные общей обработки 20180126d2015 km y0rusy50 ca
101 0# - ЯЗЫК РЕСУРСА
Язык текста, звукозаписи и т.д. русский
102 ## - СТРАНА ПУБЛИКАЦИИ ИЛИ ПРОИЗВОДСТВА
Страна публикации Российская Федерация
105 ## - ПОЛЕ КОДИРОВАННЫХ ДАННЫХ: ТЕКСТОВЫЕ МАТЕРИАЛЫ, МОНОГРАФИЧЕСКИЕ
Кодированные данные о монографическом текстовом документе a j 000zy
200 0# - ЗАГЛАВИЕ И СВЕДЕНИЯ ОБ ОТВЕТСТВЕННОСТИ
Основное заглавие Ч. 1
210 ## - ПУБЛИКАЦИЯ, РАСПРОСТРАНЕНИЕ И ДР.
Дата издания, распространения и т.д. 2015
215 ## - ФИЗИЧЕСКАЯ ХАРАКТЕРИСТИКА
Специфическое обозначение материала и объем 374 с.
Другие сведения о физической характеристике ил.
320 ## - ПРИМЕЧАНИЯ О НАЛИЧИИ В ДОКУМЕНТЕ БИБЛИОГРАФИИ / УКАЗАТЕЛЯ
Текст примечания Библиогр. в конце разд.
461 #0 - УРОВЕНЬ НАБОРА
Встроенное поле 001RU\NLR\BIBL_A\011625588
-- 2001#$aУправление грузовой и коммерческой работой на железнодорожном транспорте$eкурс лекций для студентов специальностей 23.05.04 - "Эксплуатация железных дорог", 23.03.01 - "Технология транспортных процессов", 43.03.01 - "Сервис" очной и заочной форм обучения$eв двух частях$fВ. И. Меньших$gФедеральное агентство железнодорожного транспорта, Уральский государственный университет путей сообщения, Кафедра "Станции, узлы и грузовая работа"$vЧ. 1
-- 700#1$aМеньших$bВ. И.$gВалентина Ивановна
Системный номер (АБИС) связанной записи 11006594
Автор Меньших, В. И.
Место публикации Екатеринбург
Дата публикации 2015
Первые сведения об ответственности В. И. Меньших
Имя издателя, распространителя и т.д. УрГУПС
Сведения, относящиеся к заглавию курс лекций для студентов специальностей 23.05.04 - "Эксплуатация железных дорог", 23.03.01 - "Технология транспортных процессов", 43.03.01 - "Сервис" очной и заочной форм обучения : в двух частях
Заглавие Управление грузовой и коммерческой работой на железнодорожном транспорте
Номер тома Ч. 1
942 ## - ДОПОЛНИТЕЛЬНЫЕ ЭЛЕМЕНТЫ ЗАПИСИ (АБИС)
Тип экземпляра АБИС Книга
980 ## - КОЛЛЕКЦИЯ
Название коллекции НБР

Нет доступных экземпляров.